01720nam a2200421 a 4500999001700000001001400017005001700031008004100048020001500089035001700104035002600121035002800147035004100175040002500216041000800241044001100249080003900260080002900299080002100328080001600349245010800365260002900473300005600502650013500558650013300693650015900826655002600985700004801011700003501059700003901094700002901133958000801162958000701170958000701177958000701184958000701191952010001198 c23921d23921vtls00121999420250922113737.0160208s1996 xo a r y 0 slo  a8085452472 aSNK000164538 aurn:nbn:sk:snk-amkfbn aurn:nbn:sk:snk-am008f37 a9782EBDD-5107-4E7B-836B-6A8150AAF987 aSNKbslocSNKeAACR20 aslo axocSK a82(091):820/899 (100)(075.3)21981 a820/899 (100)(091)21981 a885.4(091)21981 a82:372198100aČítanka pre 4. ročník gymnázií a stredných škôlcNatália Ihnátková ... [et al.] aBratislavabLiterac1996 a399 s., [32] s. fareb. obr. príl.bIlustr.c21 cm07aliteratúra slovenskáxučebnice gymn. (4. roč.)xučebnice stred. škôl (4. roč.)xčítanky literárne2SNK9479707aliteratúra svetováxučebnice gymn. (4. roč.)xučebnice stred. škôl (4. roč.)xčítanky literárne2SNK9479807ačítanky literárnexliteratúra slovenskáxliteratúra svetováxučebnice gymn. (4. roč.)xučebnice stred. škôl (4. roč.)2SNK94799 7aučebnice2SNK931221 aIhnátková, Natália,d1939-4aut948001 aFedorová, Mária4aut948011 aKrahulcová, Valéria4aut948021 aTrutz, Rudolf4aut94803 aOND aTL aUC aNB aLX 00102udc40708Da10000b10000d2025-09-22i22277oS1575pS1575r2025-09-22w2025-09-22yOLDO